000 00302nam a22001337a 4500
008 170418b xxu||||| |||| 00| 0 eng d
020 _a9780131453142
041 _aeng
080 _25TH
_a573
100 _a11
101 _aSHM
245 _aBIOLOGICAL EXPLORATIONS
_cGUNSTREAM, S.E
942 _2udc
_cBK
999 _c11005
_d11005